| 000 | 00816nam a22002897a 4500 | ||
|---|---|---|---|
| 003 | CHAP | ||
| 005 | 20220329141426.0 | ||
| 008 | 971013s r 00010 d | ||
| 010 | _a67956 | ||
| 011 | _a68928 | ||
| 035 | _a78402 | ||
| 040 | _cCHAP | ||
| 090 | _aFolleto 11822 | ||
| 110 |
_aGeigy, S.A. _947403 |
||
| 245 | _aGuía de equipo y aplicación de pesticidas | ||
| 260 |
_aMéxico : _bGeigy, _c[s.a.] |
||
| 300 | _a24 p. | ||
| 500 | _a26-87 | ||
| 590 |
_aBATCH-UPD _b10 _c20130110 _lUCH01 _h1939 |
||
| 590 |
_aBATCH-UPD _b10 _c20130410 _lUCH01 _h1302 |
||
| 590 |
_aBATCH-UPD _b10 _c20130914 _lUCH01 _h1910 |
||
| 590 |
_aCONVERSION _b10 _c20130109 _lUCH01 _h1337 |
||
| 650 | 1 | 4 |
_aPesticidas _xAplicación. _987539 |
| 901 | _aBK | ||
| 942 | _cFOLL | ||
| 949 |
_aFolleto 11822 _bBC _cFOLL _d-31276 _eTS1 _i78402 _si |
||
| 999 |
_c67956 _d67956 |
||